000 002190000a22000970004500
100 1 _aClaydon, Robyn
245 1 0 _aWomen's network
300 _aNúm 79 (1997), Páginas 16
773 0 _tWorld Evangelization
942 _cANA
999 _c57514
_d57514